Coldest Places on Earth - Statistics

General Stats
  • This quiz has been taken 49 times
  • The average score is 5 of 8
Answer Stats
Picture Answer % Correct
Canada
95%
Russia
95%
Alaska
93%
Antarctica
93%
Greenland
86%
Siberia
66%
International Falls
14%
Fraser
0%
No matching quizzes found
Score Distribution
Percent of People with Each Score
Percentile by Number Answered
Your Score History
You have not taken this quiz